OPTION PRICING IN FRACTIONAL BROWNIAN MA (Record no. 30607)
[ view plain ]
| 000 -LEADER | |
|---|---|
| fixed length control field | 00344nam a2200133Ia 4500 |
| 008 - FIXED-LENGTH DATA ELEMENTS--GENERAL INFORMATION | |
| fixed length control field | 240624s9999 xx 000 0 und d |
| 041 ## - LANGUAGE CODE | |
| Language code of text/sound track or separate title | eng |
| 082 ## - DEWEY DECIMAL CLASSIFICATION NUMBER | |
| Classification number | 332.6453 ROS |
| 100 ## - MAIN ENTRY--PERSONAL NAME | |
| Personal name | ROSTEK STEFAN |
| 245 ## - TITLE STATEMENT | |
| Title | OPTION PRICING IN FRACTIONAL BROWNIAN MA |
| 260 ## - PUBLICATION, DISTRIBUTION, ETC. | |
| Date of publication, distribution, etc. | 2009 |
| Place of publication, distribution, etc. | London |
| Name of publisher, distributor, etc. | Springer |
| 300 ## - PHYSICAL DESCRIPTION | |
| Extent | xiv, 137 p.; 23 cm. |
| 365 ## - TRADE PRICE | |
| Currency code | ERU |
| Price amount | 38 |
| Withdrawn status | Lost status | Damaged status | Not for loan | Home library | Current library | Shelving location | Date acquired | Cost, normal purchase price | Full call number | Barcode | Date last seen | Copy number | Price effective from | Koha item type |
|---|---|---|---|---|---|---|---|---|---|---|---|---|---|---|
| IMTN | IMTN | Rack 12-B | 04/17/2018 | 104.99 | 332.6453 ROS | 30607 | 06/24/2024 | 83.8 | 06/24/2024 | Books |